Klimatické zmeny a environmentálna migrácia v Tichomorskom regióne diplomová práca

Salvato in:
Dettagli Bibliografici
Autore principale: Mészáros, Kristóf
Ente Autore: Fakulta medzinárodných vzťahov EU. Katedra medzinárodných ekonomických vzťahov a hospodárskej diplomacie
Altri autori: Černota, Mikuláš, 1979-
Natura: Libro
Lingua:slovacco
Pubblicazione: Bratislava 2017
Tags: Aggiungi Tag
Nessun Tag, puoi essere il primo ad aggiungerne!!

MARC

LEADER 00000nbm a2200000 4500
001 0235371
005 20180220154931.8
041 0 |a slo 
044 |a SK 
245 1 0 |a Klimatické zmeny a environmentálna migrácia v Tichomorskom regióne  |b diplomová práca  |c Kristóf Mészáros ; školiteľ: Mikuláš Černota 
264 1 |a Bratislava  |c 2017 
300 |a 71 s. 
100 1 |a Mészáros, Kristóf 
700 1 |a Černota, Mikuláš, 1979- 
710 2 |a Fakulta medzinárodných vzťahov EU. Katedra medzinárodných ekonomických vzťahov a hospodárskej diplomacie